000 nam a22 7a 4500
999 _c15777
_d15777
008 161104b xxu||||| |||| 00| 0 eng d
020 _a9780205505319
050 _aLC 3981 .F75 2008
100 _aFriend,Marilyn.
_d2008.
245 _aSpecial education:
_bcontemporary perspectives for school professionals.
250 _a2rd ed
260 _aBoston:
_bPearson,
_c2008.
300 _axxxv,601p.:ill.
_bincludes bibliographical references and index
650 _aspecial education-united states.
650 _ainclusive education-united states.
942 _2lcc
_cBOOKS
_hLC 3981 .F75 2008
_02